[Event "2BLW 1819 SV Mülheim Nord 1931 II - Bo"]
[Site "?"]
[Date "2018.11.25"]
[Round "3.2"]
[White "Buckels, Valentin"]
[Black "Zatonskih, Anna"]
[Result "1-0"]
[WhiteElo "2427"]
[BlackElo "2422"]
[PlyCount "49"]
[EventDate "2018.??.??"]

1. d4 d5 2. Bf4 e6 3. e3 c5 4. c3 Nc6 5. Nf3 Bd6 6. Bg3 Bxg3 7. hxg3 Qd6 8.
dxc5 Qxc5 9. b4 Qe7 10. b5 Na5 11. Qd4 Nf6 12. Nbd2 b6 13. g4 Kf8 14. Bd3 Bb7
15. Ne5 Kg8 16. Qf4 Rc8 17. Ke2 Rxc3 18. g3 d4 19. Qxd4 Nd5 20. Ne4 Rc7 21. g5
Nb4 22. Rac1 Nxd3 23. Nxd3 Bd5 24. Nf6+ Kf8 25. Nxh7+ 1-0

[Event "2BLW 1819 SV Mülheim Nord 1931 II - Bo"]
[Site "?"]
[Date "2018.11.25"]
[Round "3.3"]
[White "Illner, Achim"]
[Black "Zwirs, Nico"]
[Result "0-1"]
[WhiteElo "2468"]
[BlackElo "2413"]
[PlyCount "78"]
[EventDate "2018.??.??"]

1. e4 c5 2. Nf3 d6 3. Bb5+ Nc6 4. d4 cxd4 5. Qxd4 Bd7 6. Bxc6 Bxc6 7. Nc3 Nf6
8. Bg5 e6 9. O-O-O Be7 10. Qd3 O-O 11. Nd4 Qc7 12. f4 a6 13. Kb1 Rac8 14. f5
Nxe4 15. Nxe4 Bxe4 16. Qxe4 Bxg5 17. fxe6 Bf6 18. Rhf1 d5 19. Qxd5 fxe6 20.
Qxe6+ Kh8 21. Qf5 Rfe8 22. c3 h6 23. g3 Qb6 24. Qd3 Red8 25. Rf4 Rd6 26. h4 Qd8
27. Rdf1 b5 28. a3 a5 29. Qxb5 Rxc3 30. Rxf6 gxf6 31. Nf5 Rb6 32. Qe2 Qd3+ 33.
Qxd3 Rxd3 34. Rf2 Rxa3 35. Nxh6 Rxg3 36. Ka2 Kh7 37. Nf5 Rg4 38. Ka3 Rbb4 39.
Ne3 Rg3 0-1

[Event "2BLW 1819 SV Mülheim Nord 1931 II - Bo"]
[Site "?"]
[Date "2018.11.25"]
[Round "3.4"]
[White "Hopman, Pieter"]
[Black "Wolter, Detlev"]
[Result "1-0"]
[WhiteElo "2310"]
[BlackElo "2223"]
[PlyCount "80"]
[EventDate "2018.??.??"]

1. d4 Nf6 2. c4 g6 3. Nc3 Bg7 4. e4 d6 5. Be2 O-O 6. Be3 e5 7. d5 Nbd7 8. g4
Nc5 9. f3 c6 10. h4 cxd5 11. cxd5 b5 12. Nxb5 Rb8 13. b4 Ncxe4 14. fxe4 Nxe4
15. Nxa7 Bb7 16. Rc1 Ra8 17. Nc6 Bxc6 18. dxc6 d5 19. Bf3 f5 20. Qb3 Kh8 21. h5
gxh5 22. c7 Qd7 23. gxf5 Rac8 24. Rxh5 Nf6 25. Rh2 e4 26. Bd1 d4 27. Qe6 dxe3
28. Qxd7 Nxd7 29. Bb3 Be5 30. Rhc2 Bd6 31. Be6 Ne5 32. Bxc8 Nd3+ 33. Ke2 Nxc1+
34. Rxc1 Rxc8 35. Kxe3 Bxb4 36. Kxe4 Ba5 37. Kd5 Bxc7 38. Ke6 Re8+ 39. Kd7 Bf4
40. Kxe8 Bxc1 1-0

[Event "2BLW 1819 SV Mülheim Nord 1931 II - Bo"]
[Site "?"]
[Date "2018.11.25"]
[Round "3.5"]
[White "Kiese, Matthias"]
[Black "Stillger, Bernhard"]
[Result "1/2-1/2"]
[WhiteElo "2215"]
[BlackElo "2252"]
[PlyCount "44"]
[EventDate "2018.??.??"]

1. d4 Nf6 2. Nf3 g6 3. g3 Bg7 4. Bg2 O-O 5. O-O d5 6. c4 c6 7. b3 a5 8. Bb2
Nbd7 9. cxd5 Nxd5 10. e4 N5b6 11. a4 Nb8 12. h3 Na6 13. Na3 f5 14. exf5 Bxf5
15. Qe2 Nb4 16. Rad1 N6d5 17. Ne5 Qc7 18. Rfe1 Rad8 19. Rd2 Bh6 20. Rdd1 Bg7
21. Rd2 Bh6 22. Rdd1 Bg7 1/2-1/2

[Event "2BLW 1819 SV Mülheim Nord 1931 II - Bo"]
[Site "?"]
[Date "2018.11.25"]
[Round "3.6"]
[White "Van Meegen, Ruud"]
[Black "Jellinghaus, Lars"]
[Result "1/2-1/2"]
[WhiteElo "2247"]
[BlackElo "2216"]
[PlyCount "65"]
[EventDate "2018.??.??"]

1. Nf3 d5 2. e3 Nf6 3. c4 e6 4. b3 Be7 5. Bb2 O-O 6. d4 b6 7. Bd3 Bb7 8. O-O
Nbd7 9. Ne5 c5 10. Qc2 cxd4 11. exd4 Rc8 12. Nc3 g6 13. Qe2 Bb4 14. Rfd1 Qe7
15. a3 Bd6 16. Nb5 Bb8 17. a4 Rfd8 18. Ba3 Qe8 19. Nd6 Bxd6 20. Bxd6 Nb8 21.
Ba3 dxc4 22. Bxc4 Nd5 23. Ng4 Nd7 24. Qd2 N7f6 25. Ne5 Ne4 26. Qh6 Nd6 27. Ng4
Qe7 28. Rd3 f5 29. Ne5 Qg7 30. Bc1 Qxh6 31. Bxh6 Nf7 32. Nxf7 Kxf7 33. Re1 {(=)
} 1/2-1/2

[Event "2BLW 1819 SV Mülheim Nord 1931 II - Bo"]
[Site "?"]
[Date "2018.11.25"]
[Round "3.7"]
[White "Pewny, Uwe"]
[Black "Kahleys, Kevin"]
[Result "1/2-1/2"]
[WhiteElo "2190"]
[BlackElo "2191"]
[PlyCount "34"]
[EventDate "2018.??.??"]

1. e4 e6 2. d4 d5 3. Nc3 Nf6 4. e5 Nfd7 5. f4 c5 6. Nf3 Nc6 7. Be3 Qa5 8. Qd2
Rb8 9. Be2 b5 10. O-O b4 11. Nd1 Nxd4 12. Nxd4 cxd4 13. Bxd4 Bc5 14. Kh1 Ba6
15. Bxa6 Qxa6 16. Ne3 Bxd4 17. Qxd4 Qb6 1/2-1/2

[Event "2BLW 1819 SV Mülheim Nord 1931 II - Bo"]
[Site "?"]
[Date "2018.11.25"]
[Round "3.8"]
[White "Bus, Tom"]
[Black "Heinbuch, Detlef Ulrich"]
[Result "1/2-1/2"]
[WhiteElo "2125"]
[BlackElo "2290"]
[PlyCount "93"]
[EventDate "2018.??.??"]

1. c4 c5 2. g3 g6 3. Bg2 Bg7 4. Nc3 Nc6 5. a3 Rb8 6. Rb1 a5 7. Nf3 e6 8. O-O
Nge7 9. d3 O-O 10. Bf4 d6 11. Qc1 b6 12. Bh6 Bxh6 13. Qxh6 Nf5 14. Qf4 Bb7 15.
Rfe1 f6 16. h4 Kg7 17. Nb5 Ne5 18. b4 axb4 19. axb4 Bc6 20. bxc5 bxc5 21. Nxe5
fxe5 22. Qc1 Bxb5 23. cxb5 Qb6 24. e3 Rf7 25. Qc3 Kg8 26. Rec1 Ra7 27. Rc2 Qc7
28. Qc4 Kf7 29. Be4 d5 30. Bxd5 exd5 31. Qxd5+ Kg7 32. Rxc5 Qe7 33. Qxe5+ Qxe5
34. Rxe5 Rab7 35. Rd5 Kf6 36. e4 Ke6 37. h5 Nd6 38. hxg6 hxg6 39. Rg5 Kf6 40.
f4 Nxb5 41. Rc5 Nd4 42. Rxb7 Rxb7 43. Kf2 Rb1 44. Rc4 Rb2+ 45. Ke3 Nc2+ 46. Kf3
Ne1+ 47. Ke3 1/2-1/2

[Event "2BLW 1819 TSV Schott Mainz - Bochumer S"]
[Site "?"]
[Date "2018.12.16"]
[Round "4.1"]
[White "Zaitsev, Mikhail"]
[Black "Lobron, Eric"]
[Result "1/2-1/2"]
[WhiteElo "2481"]
[BlackElo "2512"]
[PlyCount "120"]
[EventDate "2018.??.??"]

1. e4 c6 2. d4 d5 3. exd5 cxd5 4. c4 Nf6 5. Nc3 e6 6. Nf3 Bb4 7. cxd5 Nxd5 8.
Bd2 Nc6 9. Bd3 Be7 10. O-O Ndb4 11. Be4 Nxd4 12. Nxd4 Qxd4 13. Qe2 O-O 14. Be3
Qe5 15. f4 Qc7 16. Rac1 Nc6 17. a3 f5 18. Nb5 Qb8 19. Bxc6 bxc6 20. Nd4 Bf6 21.
b4 a5 22. Nxc6 Ba6 23. Qa2 Qe8 24. Rfe1 axb4 25. Nxb4 Bb7 26. Bc5 Rf7 27. Rxe6
Qd7 28. Rd6 Qb5 29. Rb6 Qd7 30. Rd6 Qc7 31. Nd5 Bd4+ 32. Kh1 Qxc5 33. Rxc5 Bxc5
34. Re6 Kf8 35. Re1 Rd7 36. Nc3 Ra6 37. Qc2 g6 38. Nb5 Be7 39. Qc3 Bf6 40. Qc5+
Kg7 41. Nc7 Rc6 42. Ne8+ Kf7 43. Nxf6 Rxc5 44. Nxd7 Rc2 45. Ne5+ Kf6 46. Nf3
Rc4 47. Rb1 Bxf3 48. gxf3 Rxf4 49. Kg2 Ra4 50. Rb3 Kg5 51. Kf2 h5 52. Rb4 Rxa3
53. h4+ Kf6 54. Rb6+ Ke5 55. Rb5+ Kf6 56. Rb6+ Kg7 57. Rb7+ Kh6 58. Kg3 Ra6 59.
Rc7 Ra4 60. f4 Ra3+ 1/2-1/2

[Event "2BLW 1819 TSV Schott Mainz - Bochumer S"]
[Site "?"]
[Date "2018.12.16"]
[Round "4.2"]
[White "Balcerak, Jakob"]
[Black "Zatonskih, Anna"]
[Result "1/2-1/2"]
[WhiteElo "2474"]
[BlackElo "2427"]
[PlyCount "73"]
[EventDate "2018.??.??"]

1. d4 d5 2. c4 e6 3. Nf3 Nf6 4. Nc3 Be7 5. Bf4 O-O 6. e3 b6 7. Be2 dxc4 8. Bxc4
Bb7 9. O-O a6 10. Qe2 b5 11. Bb3 Nbd7 12. Rfd1 c5 13. dxc5 Qe8 14. Bc2 Nxc5 15.
Rd4 Qc6 16. Rad1 Rfd8 17. Bg5 h6 18. Bh4 Rac8 19. e4 Rxd4 20. Nxd4 Qc7 21. e5
Nd5 22. Nxd5 Bxd5 23. Bxe7 Qxe7 24. Nf5 exf5 25. Rxd5 Ne6 26. g3 Qb7 27. Rd1 g6
28. Bb3 Qe7 29. Qe3 Rd8 30. Qxh6 Rxd1+ 31. Bxd1 Qb4 32. Qe3 Qxb2 33. Bb3 Nd4
34. e6 Nxe6 35. Bxe6 fxe6 36. Qxe6+ Kg7 37. Qxa6 1/2-1/2

[Event "2BLW 1819 TSV Schott Mainz - Bochumer S"]
[Site "?"]
[Date "2018.12.16"]
[Round "4.3"]
[White "Illner, Achim"]
[Black "Cicak, Slavko"]
[Result "1-0"]
[WhiteElo "2461"]
[BlackElo "2497"]
[PlyCount "45"]
[EventDate "2018.??.??"]

1. d4 Nf6 2. Nf3 g6 3. c4 Bg7 4. Nc3 O-O 5. e4 d6 6. Be2 c5 7. O-O Bg4 8. d5
Bxf3 9. Bxf3 Nbd7 10. Be2 Re8 11. f4 e6 12. dxe6 Rxe6 13. Bf3 Qf8 14. g4 Rae8
15. f5 Rxe4 16. g5 Rd4 17. Qb3 Ng4 18. f6 Nde5 19. Be2 Nd3 20. Bxd3 Rxd3 21.
Qc2 Rh3 22. Qg2 Rh4 23. Qg3 1-0

[Event "2BLW 1819 TSV Schott Mainz - Bochumer S"]
[Site "?"]
[Date "2018.12.16"]
[Round "4.4"]
[White "Schenderowitsch, Michael"]
[Black "Wolter, Detlev"]
[Result "1/2-1/2"]
[WhiteElo "2334"]
[BlackElo "2215"]
[PlyCount "111"]
[EventDate "2018.??.??"]

1. d4 Nf6 2. c4 g6 3. Nf3 Bg7 4. g3 O-O 5. Bg2 d6 6. Nc3 Nbd7 7. O-O e5 8. h3
a6 9. Re1 Rb8 10. a4 exd4 11. Nxd4 a5 12. Nb3 Ra8 13. Nb5 Ne5 14. c5 Ne8 15.
cxd6 c6 16. Nc3 Nxd6 17. Qc2 Re8 18. Rd1 Qe7 19. e4 Be6 20. Nc5 Rad8 21. Nxe6
Qxe6 22. b3 h5 23. Bb2 Nd7 24. Ba3 Nf8 25. Re1 h4 26. gxh4 Qe5 27. Rac1 Ne6 28.
Ne2 Qh5 29. Rcd1 Be5 30. Rd2 Qxh4 31. Red1 Nc8 32. Rxd8 Rxd8 33. Rxd8+ Qxd8 34.
Bc1 Qd6 35. Be3 Ne7 36. Qc1 Qd3 37. Qd2 Qxd2 38. Bxd2 Nc5 39. Bxa5 Nxb3 40. Bd8
Kf8 41. f4 Bb2 42. Bb6 Ke8 43. Kf1 Nc8 44. Bf2 Nd6 45. Ke1 Nc1 46. Kd1 Nxe2 47.
Kxe2 Nc4 48. Kd3 b5 49. e5 Kd7 50. axb5 cxb5 51. Bd5 g5 52. Bxf7 gxf4 53. Bxc4
bxc4+ 54. Kxc4 Ke6 55. Kd3 Kxe5 56. Ke2 1/2-1/2

[Event "2BLW 1819 TSV Schott Mainz - Bochumer S"]
[Site "?"]
[Date "2018.12.16"]
[Round "4.6"]
[White "Wornath, Kai"]
[Black "Jellinghaus, Lars"]
[Result "0-1"]
[WhiteElo "2415"]
[BlackElo "2210"]
[PlyCount "100"]
[EventDate "2018.??.??"]

1. d4 e6 2. c4 d5 3. Nc3 Be7 4. Nf3 Nf6 5. Bf4 O-O 6. e3 b6 7. Rc1 c6 8. a3 Ba6
9. cxd5 Bxf1 10. dxc6 Bxg2 11. c7 Qd7 12. cxb8=Q Raxb8 13. Rg1 Bxf3 14. Qxf3
Rbc8 15. Be5 Ne8 16. d5 f6 17. dxe6 Qxe6 18. Bd4 Nd6 19. Rd1 Rfd8 20. Qd5 Qf7
21. Qxf7+ Kxf7 22. Nd5 Bf8 23. Ke2 Rc2+ 24. Kf3 Nb5 25. Bc3 Nxc3 26. Nxc3 Rxd1
27. Nxd1 Bd6 28. h3 Be5 29. b3 g6 30. Ke4 Rc1 31. Kd3 f5 32. Kd2 Ra1 33. a4 Bf6
34. Re1 Ke6 35. Re2 h5 36. f3 Be7 37. e4 Bg5+ 38. Ne3 fxe4 39. fxe4 Ra2+ 40.
Kd3 Rxe2 41. Kxe2 Bxe3 42. Kxe3 g5 43. Kd4 a5 44. Kd3 Ke5 45. Ke3 g4 46. h4 g3
47. Kf3 g2 48. Kxg2 Kxe4 49. Kg3 Ke3 50. Kg2 Kf4 0-1

[Event "2BLW 1819 TSV Schott Mainz - Bochumer S"]
[Site "?"]
[Date "2018.12.16"]
[Round "4.7"]
[White "Pewny, Uwe"]
[Black "Lisanti, Andre"]
[Result "1-0"]
[WhiteElo "2192"]
[BlackElo "2232"]
[PlyCount "51"]
[EventDate "2018.??.??"]

1. e4 c5 2. Nf3 Nc6 3. d4 cxd4 4. Nxd4 Qb6 5. Nb3 Nf6 6. Nc3 d6 7. Be3 Qc7 8.
f4 e6 9. Qf3 Bd7 10. Bd3 Be7 11. g4 g5 12. O-O-O gxf4 13. Bxf4 Ne5 14. Bxe5
dxe5 15. g5 Ng8 16. Qh5 O-O-O 17. h4 f6 18. Bb5 fxg5 19. Bxd7+ Rxd7 20. Rxd7
Qxd7 21. Rd1 Qc6 22. Na5 Qc7 23. Qe8+ Bd8 24. Nb5 Qe7 25. Nxa7+ Kc7 26. Qb5 1-0

[Event "2BLW 1819 TSV Schott Mainz - Bochumer S"]
[Site "?"]
[Date "2018.12.16"]
[Round "4.8"]
[White "Kienast, Joerg"]
[Black "Schneider, Bernd"]
[Result "0-1"]
[WhiteElo "2218"]
[BlackElo "2365"]
[PlyCount "64"]
[EventDate "2018.??.??"]

1. e4 g6 2. d4 Bg7 3. Nc3 c6 4. Be3 d5 5. Nf3 dxe4 6. Nxe4 Nd7 7. Bc4 Ngf6 8.
Nxf6+ Nxf6 9. O-O O-O 10. Re1 Bg4 11. h3 Bxf3 12. Qxf3 e6 13. Rad1 Nd5 14. Bc1
Qb6 15. c3 Rfd8 16. Bb3 a5 17. Bg5 Rd7 18. c4 Nc7 19. d5 exd5 20. cxd5 Nxd5 21.
Bxd5 cxd5 22. Rxd5 Rxd5 23. Qxd5 Qc6 24. Qb3 a4 25. Qb4 a3 26. Bc1 axb2 27.
Bxb2 Rxa2 28. Bxg7 Kxg7 29. Re7 b6 30. Re3 Qc1+ 31. Re1 Qb2 32. Qf4 Ra1 0-1

[Event "2BLW 1819 SC Remagen Sinzig - SV Mülhe"]
[Site "?"]
[Date "2018.12.16"]
[Round "4.1"]
[White "Warmerdam, Max"]
[Black "Chatalbashev, Boris"]
[Result "1/2-1/2"]
[WhiteElo "2433"]
[BlackElo "2534"]
[PlyCount "63"]
[EventDate "2018.??.??"]

1. e4 d5 2. exd5 Qxd5 3. Nc3 Qd6 4. d4 Nf6 5. Nf3 g6 6. Be2 Bg7 7. O-O O-O 8.
Nb5 Qb6 9. a4 c6 10. a5 Qd8 11. Nc3 Na6 12. Bxa6 bxa6 13. Re1 Bg4 14. h3 Bxf3
15. Qxf3 Rc8 16. Ra4 c5 17. dxc5 Rxc5 18. Qb7 Rxa5 19. Qxe7 Rxa4 20. Qxd8 Rxd8
21. Nxa4 Rc8 22. Rd1 Bf8 23. c3 Be7 24. Be3 Rc7 25. b3 Rb7 26. Rb1 Nd7 27. c4
f5 28. Nc3 Bc5 29. Bxc5 Nxc5 30. b4 Nd3 31. Nd5 Ne5 32. Ra1 1/2-1/2

[Event "2BLW 1819 SC Remagen Sinzig - SV Mülhe"]
[Site "?"]
[Date "2018.12.16"]
[Round "4.2"]
[White "Dgebuadze, Alexandre"]
[Black "Buckels, Valentin"]
[Result "1-0"]
[WhiteElo "2477"]
[BlackElo "2444"]
[PlyCount "80"]
[EventDate "2018.??.??"]

1. c4 e6 2. Nf3 Nf6 3. e3 d5 4. b3 c5 5. Bb2 b6 6. cxd5 exd5 7. Bb5+ Bd7 8.
Bxd7+ Nbxd7 9. Nc3 Rc8 10. O-O Be7 11. d4 c4 12. bxc4 Rxc4 13. Ne5 Rc8 14. Qa4
Qc7 15. Rfc1 Qb7 16. Nb5 O-O 17. Qxa7 Qxa7 18. Nxa7 Rxc1+ 19. Rxc1 Nxe5 20.
dxe5 Ne4 21. Bd4 Ba3 22. Rc2 h5 23. f3 Nc5 24. Nb5 Ra8 25. Nxa3 Rxa3 26. h4 Kh7
27. Bxc5 bxc5 28. Rxc5 Rxa2 29. Rxd5 Ra3 30. e6 fxe6 31. Rxh5+ Kg6 32. Re5 Kf6
33. Re4 e5 34. Kf2 Kf5 35. Ke2 Ra1 36. h5 Ra5 37. Kd1 Kg5 38. Kc1 Kxh5 39. Kb2
Kg5 40. Kb3 Kf5 1-0

[Event "2BLW 1819 SC Remagen Sinzig - SV Mülhe"]
[Site "?"]
[Date "2018.12.16"]
[Round "4.3"]
[White "Zwirs, Nico"]
[Black "Popovic, Petar"]
[Result "1/2-1/2"]
[WhiteElo "2414"]
[BlackElo "2445"]
[PlyCount "129"]
[EventDate "2018.??.??"]

1. e4 g6 2. d4 Bg7 3. Nc3 d6 4. g3 Nc6 5. Be3 Nf6 6. h3 e5 7. dxe5 Nxe5 8. f4
Nc6 9. Bg2 O-O 10. Nge2 Be6 11. Qd2 Bc4 12. O-O Re8 13. Rf2 Bxe2 14. Rxe2 Nd7
15. Rd1 Nb6 16. b3 f5 17. exf5 gxf5 18. Rde1 Qd7 19. Nb5 a6 20. Bxb6 Rxe2 21.
Rxe2 axb5 22. Bf2 Kf8 23. c3 Re8 24. Rxe8+ Kxe8 25. Qe2+ Ne7 26. c4 bxc4 27.
bxc4 c6 28. Qh5+ Kf8 29. Qxh7 Qe6 30. Bf1 d5 31. cxd5 Qxd5 32. a3 Bd4 33. Qh6+
Kg8 34. Qh5 Bxf2+ 35. Kxf2 Qc5+ 36. Kg2 b5 37. Qf3 Nd5 38. Kh2 Ne3 39. Bg2 Nxg2
40. Kxg2 Qc2+ 41. Kf1 Qc1+ 42. Kf2 Qc2+ 43. Qe2 Qc5+ 44. Kg2 Qd5+ 45. Kf2 Qc5+
46. Qe3 Qc2+ 47. Ke1 Qb1+ 48. Ke2 Qa2+ 49. Kf3 Qd5+ 50. Kf2 Qa2+ 51. Qe2 Qxa3
52. Qe6+ Kg7 53. Qd7+ Kg8 54. Qxc6 b4 55. Qe8+ Kg7 56. Qe7+ Kg8 57. Qe6+ Kg7
58. Qe7+ Kg8 59. Qg5+ Kh8 60. Qxf5 Kg8 61. Qg6+ Kh8 62. Qh6+ Kg8 63. Qe6+ Kg7
64. Qe7+ Kg8 65. Qe8+ 1/2-1/2

[Event "2BLW 1819 SC Remagen Sinzig - SV Mülhe"]
[Site "?"]
[Date "2018.12.16"]
[Round "4.4"]
[White "Polaczek, Richard"]
[Black "Hopman, Pieter"]
[Result "1-0"]
[WhiteElo "2370"]
[BlackElo "2326"]
[PlyCount "83"]
[EventDate "2018.??.??"]

1. d4 d6 2. Nf3 Nf6 3. g3 Nbd7 4. Bg2 e5 5. O-O Be7 6. Nc3 O-O 7. e4 c6 8. a4
b6 9. h3 a6 10. Be3 Rb8 11. Nh4 g6 12. Nf3 b5 13. axb5 cxb5 14. Re1 Qc7 15. Nh2
Bb7 16. Ng4 Nxg4 17. hxg4 Nb6 18. Nd5 Nxd5 19. exd5 Bf6 20. c3 Rfe8 21. Qd2 Qc4
22. g5 Bg7 23. dxe5 Bxe5 24. Ba7 Ra8 25. Bb6 Bg7 26. Rad1 Qg4 27. Qf4 Qd7 28.
Bf3 Re5 29. Rxe5 dxe5 30. Qh4 Qd6 31. Be3 a5 32. Qe4 Bc8 33. Qd3 Bd7 34. b3 Qa3
35. d6 Rc8 36. Bb7 e4 37. Qxe4 Re8 38. Qf3 Bxc3 39. Bc6 Rd8 40. Bxd7 Rxd7 41.
Qc6 Qxb3 42. Rc1 1-0

[Event "2BLW 1819 SC Remagen Sinzig - SV Mülhe"]
[Site "?"]
[Date "2018.12.16"]
[Round "4.5"]
[White "Rezasade, Amir"]
[Black "Alienkin, Aleksander"]
[Result "1-0"]
[WhiteElo "2343"]
[BlackElo "2395"]
[PlyCount "73"]
[EventDate "2018.??.??"]

1. Nf3 Nf6 2. c4 c5 3. Nc3 g6 4. g3 Bg7 5. Bg2 O-O 6. O-O Nc6 7. d4 cxd4 8.
Nxd4 Nxd4 9. Qxd4 d6 10. Qd3 a6 11. Bf4 Bf5 12. Qd2 Qc8 13. Rfe1 Be6 14. Na4
Qe8 15. Nb6 Rd8 16. Qb4 Nd7 17. Be3 Nxb6 18. Bxb6 Rd7 19. Red1 Qb8 20. Rac1 Rc8
21. Qb3 Bh6 22. e3 Bg7 23. a4 Bg4 24. Rd2 Be6 25. a5 h5 26. Qa4 d5 27. h3 Rd6
28. c5 Rdc6 29. b4 Bd7 30. Qd1 e6 31. f4 Re8 32. e4 Rcc8 33. exd5 exd5 34. Rxd5
Bc6 35. Rd6 Bxg2 36. Kxg2 Re3 37. c6 1-0

[Event "2BLW 1819 SC Remagen Sinzig - SV Mülhe"]
[Site "?"]
[Date "2018.12.16"]
[Round "4.7"]
[White "Van Meegen, Ruud"]
[Black "Busch, Raimund"]
[Result "1-0"]
[WhiteElo "2230"]
[BlackElo "2227"]
[PlyCount "100"]
[EventDate "2018.??.??"]

1. Nf3 d5 2. e3 Nf6 3. c4 e6 4. b3 Nbd7 5. Bb2 Bd6 6. Nc3 c6 7. d4 Qe7 8. Qc2
O-O 9. Be2 dxc4 10. Bxc4 e5 11. dxe5 Nxe5 12. Ng5 Nxc4 13. bxc4 g6 14. h3 Bf5
15. Qe2 Nd7 16. Nf3 Nc5 17. Rd1 Rad8 18. Nd4 Bc8 19. O-O Rfe8 20. Rfe1 Ne4 21.
Nxe4 Qxe4 22. Nf3 Bf8 23. Bf6 Rxd1 24. Rxd1 Bg7 25. Qb2 Bxf6 26. Qxf6 Qe6 27.
Qd4 a6 28. a4 Qe7 29. c5 Be6 30. Qd6 Bd5 31. Qxe7 Rxe7 32. Nd4 f5 33. g3 Kf7
34. Rd3 Kf6 35. f3 Ke5 36. Rc3 g5 37. Kf2 Rf7 38. a5 f4 39. gxf4+ gxf4 40. Ne2
fxe3+ 41. Rxe3+ Kf5 42. f4 Bc4 43. Re5+ Kg6 44. Kf3 Rd7 45. Ng3 Rd3+ 46. Kg4
Bd5 47. Nf5 Bf3+ 48. Kh4 Bg2 49. Re3 Rd1 50. Nd6 Rb1 1-0

[Event "2BLW 1819 SC Remagen Sinzig - SV Mülhe"]
[Site "?"]
[Date "2018.12.16"]
[Round "4.8"]
[White "Thoennes, Frank"]
[Black "Nachbar, Benjamin"]
[Result "0-1"]
[WhiteElo "2052"]
[BlackElo "2111"]
[PlyCount "90"]
[EventDate "2018.??.??"]

1. d4 d5 2. c3 Nf6 3. Bg5 c6 4. Nd2 Bf5 5. Qb3 Qb6 6. e3 Nbd7 7. c4 Ne4 8. Nxe4
Bxe4 9. c5 Qa5+ 10. Qc3 Qxc3+ 11. bxc3 b6 12. f3 Bg6 13. Ba6 Rb8 14. Bf4 e5 15.
dxe5 Nxc5 16. Be2 Ne6 17. Bg3 Bc5 18. Bf2 h5 19. h4 Ba3 20. Kd2 O-O 21. Bd3
Bxd3 22. Kxd3 Rfe8 23. Bg3 Rbd8 24. Ne2 Bf8 25. Nd4 c5 26. Nxe6 Rxe6 27. f4 Rg6
28. Rh3 b5 29. Rb1 Ra6 30. Rb2 Ra3 31. Be1 b4 32. Kc2 a5 33. Rf3 f6 34. exf6
gxf6 35. cxb4 axb4 36. Kb1 Kf7 37. f5 Bd6 38. Rb3 Ra7 39. Rd3 Be5 40. e4 d4 41.
Rd1 Rda8 42. Rf2 b3 43. axb3 Ra1+ 44. Kc2 R8a2+ 45. Kd3 Rxd1+ 0-1

[Event "2BLW 1819 SC Hansa Dortmund - SV Oberur"]
[Site "?"]
[Date "2018.12.16"]
[Round "4.3"]
[White "Schlamp, Robert"]
[Black "Klyuner, Vyacheslav"]
[Result "0-1"]
[WhiteElo "2287"]
[BlackElo "2441"]
[PlyCount "107"]
[EventDate "2018.??.??"]

1. e4 d6 2. Nf3 Nf6 3. d3 c5 4. g3 g6 5. Bg2 Bg7 6. O-O O-O 7. Nbd2 Nc6 8. c3
Rb8 9. Re1 Nd7 10. Nb3 b5 11. d4 b4 12. Bf4 bxc3 13. bxc3 Qb6 14. Qd2 a5 15.
Bh6 a4 16. Bxg7 Kxg7 17. Nc1 Qb2 18. Qxb2 Rxb2 19. Nd3 Rc2 20. Rec1 Rxc1+ 21.
Nxc1 cxd4 22. cxd4 Ba6 23. Bf1 Bxf1 24. Kxf1 Nf6 25. d5 Nb4 26. Rb1 Rc8 27.
Rxb4 Rxc1+ 28. Ne1 a3 29. Ra4 Ra1 30. Rxa3 Nxe4 31. Re3 Nf6 32. Rxe7 Rxa2 33.
Nd3 Nxd5 34. Rd7 Rd2 35. Nf4 Nxf4 36. gxf4 Kf6 37. Kg2 Ke6 38. Rb7 Rd5 39. Rb2
Rf5 40. Kg3 d5 41. Rd2 Kd6 42. Rd1 Kc5 43. Rc1+ Kd4 44. h4 h6 45. Rc7 Kd3 46.
Kg4 d4 47. h5 Ke2 48. hxg6 fxg6 49. Rc6 h5+ 50. Kg3 Rd5 51. Rc2+ Kd1 52. Rc6 d3
53. Rxg6 d2 54. Ra6 0-1

[Event "2BLW 1819 SC Hansa Dortmund - SV Oberur"]
[Site "?"]
[Date "2018.12.16"]
[Round "4.4"]
[White "Scholz, Christian"]
[Black "Oparaugo, Thomas"]
[Result "1-0"]
[WhiteElo "2381"]
[BlackElo "2047"]
[PlyCount "81"]
[EventDate "2018.??.??"]

1. d4 d5 2. c4 c6 3. Nc3 Nf6 4. e3 e6 5. Nf3 Nbd7 6. Qc2 Bd6 7. Be2 b6 8. O-O
O-O 9. e4 dxe4 10. Nxe4 Nxe4 11. Qxe4 Bb7 12. Rd1 Qe7 13. Ne5 Nf6 14. Qh4 Rfd8
15. Bd3 c5 16. Ng4 Ne4 17. Qh5 f5 18. Bxe4 Bxe4 19. Bg5 Qe8 20. Qxe8+ Rxe8 21.
dxc5 Bxc5 22. Ne5 h6 23. Be3 Bxe3 24. fxe3 Rad8 25. Kf2 Kf8 26. g3 Ke7 27. Rd4
Rxd4 28. exd4 Rc8 29. Ke3 Bb7 30. b4 g5 31. a4 Be4 32. b5 a5 33. Rc1 Kd6 34. h4
gxh4 35. gxh4 Rg8 36. c5+ Kd5 37. cxb6 Rg3+ 38. Kf4 Rg8 39. b7 Kxd4 40. Rc4+
Kd5 41. Rc8 1-0

[Event "2BLW 1819 SC Hansa Dortmund - SV Oberur"]
[Site "?"]
[Date "2018.12.16"]
[Round "4.5"]
[White "Weber, Samuel"]
[Black "Wegener, Olaf"]
[Result "0-1"]
[WhiteElo "2215"]
[BlackElo "2422"]
[PlyCount "88"]
[EventDate "2018.??.??"]

1. Nf3 Nf6 2. g3 d5 3. Bg2 c6 4. O-O Bg4 5. d3 Nbd7 6. Nbd2 e5 7. h3 Bh5 8. Nh4
Bc5 9. Qe1 O-O 10. e4 dxe4 11. Nxe4 Nxe4 12. Qxe4 f6 13. Be3 Bb6 14. Nf5 Bg6
15. Qc4+ Kh8 16. Be4 Bf7 17. Qc3 Be6 18. Kh2 Bc7 19. f4 Nb6 20. fxe5 Bxe5 21.
d4 Bc7 22. Bf4 Bxf4 23. Rxf4 Nd5 24. Bxd5 Qxd5 25. Ne3 Qd7 26. Qd3 Rae8 27.
Raf1 Re7 28. c4 Rfe8 29. Ng2 Bg8 30. R1f2 h6 31. Nh4 Bh7 32. Ng6+ Bxg6 33. Qxg6
Re1 34. Qd3 R8e3 35. Qd2 Qe8 36. d5 Qg6 37. R4f3 Qe4 38. d6 Rxf3 39. Rxf3 Re2+
40. Rf2 Rxd2 41. Rxd2 Qe3 42. Rc2 Qd3 43. Rc3 Qxd6 44. Kg2 Qd2+ 0-1

[Event "2BLW 1819 SC Hansa Dortmund - SV Oberur"]
[Site "?"]
[Date "2018.12.16"]
[Round "4.6"]
[White "Ackermann, Hans Werner"]
[Black "Falk, Thomas"]
[Result "0-1"]
[WhiteElo "2275"]
[BlackElo "2121"]
[PlyCount "76"]
[EventDate "2018.??.??"]

1. Nf3 Nf6 2. b3 d5 3. Bb2 Bf5 4. g3 e6 5. Bg2 Be7 6. d3 h6 7. Nbd2 O-O 8. O-O
c6 9. Ne5 Nbd7 10. Nxd7 Nxd7 11. e4 Bh7 12. Qe2 a5 13. a4 Re8 14. Kh1 Bf8 15.
f4 Nc5 16. Qf2 Qd7 17. Rad1 b5 18. Bd4 Na6 19. axb5 cxb5 20. exd5 exd5 21. Nf3
f6 22. Rfe1 Nb4 23. Rxe8 Rxe8 24. Re1 Rxe1+ 25. Nxe1 Bf5 26. Qd2 a4 27. bxa4
bxa4 28. c3 Na6 29. Bf2 Be6 30. Qa2 Nc5 31. Nc2 Nb3 32. Nd4 Nxd4 33. Bxd4 Qb5
34. h4 Qb3 35. Qxb3 axb3 36. c4 dxc4 37. dxc4 Bxc4 38. Bf3 f5 0-1

[Event "2BLW 1819 SC Hansa Dortmund - SV Oberur"]
[Site "?"]
[Date "2018.12.16"]
[Round "4.7"]
[White "Olesiak, Marcin"]
[Black "Kotter, Ralf"]
[Result "1-0"]
[WhiteElo "2015"]
[BlackElo "2390"]
[PlyCount "90"]
[EventDate "2018.??.??"]

1. e4 c5 2. Nc3 Nc6 3. f4 g6 4. Nf3 Bg7 5. Bb5 Nd4 6. O-O Nxb5 7. Nxb5 a6 8.
Nc3 d6 9. d3 Nf6 10. Qe1 O-O 11. Qh4 e6 12. f5 Nd7 13. Bg5 f6 14. fxg6 hxg6 15.
Be3 Rf7 16. Qg3 Nf8 17. e5 dxe5 18. Bxc5 g5 19. Nxe5 Qc7 20. Nxf7 Qxc5+ 21. Kh1
Kxf7 22. Ne4 Qe7 23. Qg4 Nh7 24. Qh5+ Kg8 25. Rae1 Bd7 26. d4 Be8 27. Qh3 Rd8
28. Nc5 e5 29. Qe6+ Qxe6 30. Nxe6 Rc8 31. Nxg7 Kxg7 32. dxe5 fxe5 33. Rxe5 Bb5
34. Rf2 Rd8 35. h3 Rd7 36. Kh2 Bc6 37. c3 Kg6 38. h4 Nf6 39. Rxg5+ Kf7 40. g4
Rd6 41. h5 Ke7 42. Rg7+ Ke8 43. h6 Ne4 44. h7 Rh6+ 45. Kg2 Nxf2+ 1-0

[Event "2BLW 1819 SC Hansa Dortmund - SV Oberur"]
[Site "?"]
[Date "2018.12.16"]
[Round "4.8"]
[White "Babar, Michael"]
[Black "Neininger, Ralph"]
[Result "1/2-1/2"]
[WhiteElo "2160"]
[BlackElo "2125"]
[PlyCount "25"]
[EventDate "2018.??.??"]

1. e4 e6 2. Qe2 Be7 3. g3 d5 4. d3 Nf6 5. Bg2 c5 6. Nf3 O-O 7. O-O b5 8. Re1
Bb7 9. e5 Nfd7 10. c3 Nc6 11. h4 Qc7 12. Bf4 Rfc8 13. h5 {(=)} 1/2-1/2

[Event "2BLW 1819 DJK Aachen II - SV Koblenz"]
[Site "?"]
[Date "2018.12.16"]
[Round "4.1"]
[White "Fritsche, Lutz"]
[Black "Dambacher, Martijn"]
[Result "0-1"]
[WhiteElo "2289"]
[BlackElo "2497"]
[PlyCount "30"]
[EventDate "2018.??.??"]

1. e4 c5 2. Nc3 d6 3. g3 Nc6 4. Bg2 g6 5. d3 Bg7 6. Nf3 e5 7. O-O Nge7 8. Be3
O-O 9. Nd2 Nd4 10. a4 Be6 11. f4 Qd7 12. Nc4 f5 13. Nd5 fxe4 14. dxe4 Nxd5 15.
exd5 Bg4 0-1